000 00606nam a2200229Ia 4500
003 OSt
005 20221005083545.0
006 a|||||r|||| 00| 0
007 ta
008 221004b |||||||| |||| 00| 0 eng d
020 _a0706905369
024 _a106519
037 _cTextual
040 _aCRL
_cCRL
_beng
041 _2eng
_aeng
082 _aX:89K33.2, L7
100 _aSundaram K.V.
245 0 _aUrban and regional planning in India
260 _aNew Delhi
_bVikas Publishing India
_c1977
942 _hX:89K33.2, L7
_cTEXL
_2cc
999 _c991181
_d991181